Encyclopaedia of modern architecture / (Record no. 9857)
[ view plain ]
| 000 -LEADER | |
|---|---|
| fixed length control field | 00937nam a2200265 a 4500 |
| 001 - CONTROL NUMBER | |
| JCCL Control Number | 9857 |
| 003 - CONTROL NUMBER IDENTIFIER | |
| JCCL marc code | BD - JhCC |
| 005 - DATE AND TIME OF LATEST TRANSACTION | |
| control field | 20180402104146.0 |
| 008 - FIXED-LENGTH DATA ELEMENTS--GENERAL INFORMATION | |
| fixed length control field | 941026s1963 enka eb 001 0 eng d |
| 035 ## - SYSTEM CONTROL NUMBER | |
| system control number | CURL 020000144812(Edi) from jvsc015 |
| -- | (BD - JhCC)9857 |
| 040 ## - CATALOGING SOURCE | |
| Original cataloging agency | TJC |
| Transcribing agency | TJC |
| Modifying agency | EUX |
| -- | BD - JhCC |
| 041 ## - LANGUAGE CODE | |
| Language code of Book | eng |
| 082 ## - DEWEY DECIMAL CLASSIFICATION NUMBER | |
| Author mark and Year | ENC 1963 |
| 245 00 - TITLE STATEMENT | |
| Title | Encyclopaedia of modern architecture / |
| Statement of responsibility, etc | general editor, Gerd Hatje ; edited by Wolfgang Pehnt ; contributors, Kyösti Alander ... [et al.] |
| 260 ## - PUBLICATION, DISTRIBUTION, ETC. (IMPRINT) | |
| Place of publication, distribution, etc | London : |
| Name of publisher, distributor, etc | Thames and Hudson, |
| Date of publication, distribution, etc | 1963. |
| 300 ## - PHYSICAL DESCRIPTION | |
| Pagination | 336 p. : |
| Other physical details | ill. ; |
| Dimensions | 22 cm |
| 500 ## - GENERAL NOTE | |
| General note | Originally published as: Knaurs Lexikon der modernen Architektur. Munich : Knaur, 1963 |
| 504 ## - BIBLIOGRAPHY, ETC. NOTE | |
| Bibliography, etc | Includes index and bibliography |
| 650 #0 - SUBJECT ADDED ENTRY--TOPICAL TERM | |
| Topical term or geographic name as entry element | Architecture, Modern |
| Chronological subdivision | 20th century |
| Form subdivision | Dictionaries |
| 700 1# - ADDED ENTRY--PERSONAL NAME | |
| Personal name | Hatje, Gerd. |
| 700 1# - ADDED ENTRY--PERSONAL NAME | |
| Personal name | Pehnt, Wolfgang. |
| 830 #0 - SERIES ADDED ENTRY--UNIFORM TITLE | |
| Uniform title | World of art library |
| 942 ## - ADDED ENTRY ELEMENTS (KOHA) | |
| Source of classification or shelving scheme | Dewey Decimal Classification |
| Koha item type | Books |
| Source of classification or shelving scheme | Damaged status | Not for loan | Home library | Current library | Shelving location | Date of accession | Total Checkouts | Full call number | Barcode | Date last seen | Copy number | Koha item type |
|---|---|---|---|---|---|---|---|---|---|---|---|---|
| Dewey Decimal Classification | JCC Rouf Library | JCC Rouf Library | General Stacks | 04/02/2018 | 724.903 ENC 1963 | 13246 | 04/02/2018 | C-1 | Books |